Statistiche per Città e Regioni - Quiz n°7

Clicka qui per fare il quiz!

Statistiche generali

  • Questo quiz è stato fatto 28 volte
  • Il punteggio medio è 8 su 10

Statistiche sulle risposte

HintRisposta% Corretto
CataniaSicilia
100%
Cologno MonzeseLombardia
95%
GenovaLiguria
89%
IserniaMolise
89%
Corigliano-RossanoCalabria
79%
TivoliLazio
79%
CamaioreToscana
74%
SpoletoUmbria
74%
VarazzeLiguria
63%
CascinaToscana
32%

Distribuzione punteggi

Percentile per numero di risposta

Percentuale di utenti per punteggio

I tuoi punteggi nel tempo

Non hai fatto questo quiz